[Event "Niederbayernliga 0708"]
[Site "Germany"]
[Date "2007.04.06"]
[Round "8.8"]
[White "Rennert, Heinrich"]
[Black "Latzel, Wolfgang"]
[Result "0-1"]
[WhiteElo "1241"]
[BlackElo "1850"]
[PlyCount "54"]
[EventDate "2007.10.21"]
[EventType "team"]
[EventRounds "9"]
[EventCountry "GER"]
[SourceTitle "EXT 2009"]
[Source "ChessBase"]
[SourceDate "2008.11.26"]
[SourceVersion "1"]
[SourceVersionDate "2008.11.26"]
[SourceQuality "1"]
[WhiteTeam "Waldkirchen Freyung"]
[BlackTeam "Landshut"]
[WhiteTeamCountry "GER"]
[BlackTeamCountry "GER"]

1. e4 d6 2. d4 g6 3. Nf3 Bg7 4. Bf4 a6 5. Bc4 b5 6. Bb3 Bb7 7. Qd3 Nd7 8. Nbd2 c5 9. c4 cxd4 10. Nxd4 Nc5 11. Qe3 e5 12. Bxe5 dxe5 13. N4f3 Nxb3 14. Qxb3 Qb6 15. cxb5 Qxb5 16. Qxb5+ axb5 17. a3 Ne7 18. Rc1 Rc8 19. 0-0 0-0 20. b4 Rxc1 21. Rxc1 Rc8 22. Rc5 Rxc5 23. bxc5 f6 24. Ne1 Bh6 25. Nef3 Kf7 26. Kf1 Ke6 27. Ke2 f5 0-1